LEADER 00972cam0-2200325---450- 001 990004378220403321 005 20141202154556.0 010 $a3-15-008683-3 035 $a000437822 035 $aFED01000437822 035 $a(Aleph)000437822FED01 035 $a000437822 100 $a19990604d1991----km-y0itay50------ba 101 0 $ager 102 $aDE 105 $aa-------001yy 200 1 $aUndinenzauber$eGeschichten und Gedichte von Nixen, Nymphen und anderen Wasserfrauen$fhrsg. von Frank Rainer Max$geinleitung von Eckart Klessmann 210 $aStuttgart$cReclam$d1991 215 $a432 p.$cill.$d15 cm 610 0 $aOndine nella letteratura$aAntologie 676 $a809.93351 702 1$aKlessmann,$bEckart 702 1$aMax,$bFrank Rainer 801 0$aIT$bUNINA$gRICA$2UNIMARC 901 $aBK 912 $a990004378220403321 952 $a809.93351 MAX 1$bBibl.44903$fFLFBC 959 $aFLFBC 996 $aUndinenzauber$9542122 997 $aUNINA LEADER 01911nam 2200517 450 001 9910466264403321 005 20200520144314.0 010 $a80-7308-647-6 035 $a(CKB)3710000001401092 035 $a(MiAaPQ)EBC4866047 035 $a(Au-PeEL)EBL4866047 035 $a(CaPaEBR)ebr11401150 035 $a(OCoLC)992571217 035 $a(EXLCZ)993710000001401092 100 $a20170717h20152015 uy 0 101 0 $acze 135 $aurcnu|||||||| 181 $2rdacontent 182 $2rdamedia 183 $2rdacarrier 200 00$aPoca?tky novodoby?ch literatur a metamorfo?zy romantismu u jizni?ch Slovanu, Rumunu a Alba?ncu /$fM. Cerny? [and six others] 210 1$aPraha, [Czech Republic] :$cFilozoficka? fakulta Univerzity Karlovy,$d2015. 210 4$d©2015 215 $a1 online resource (478 pages) $cillustrations 225 1 $aVaria 300 $aIncludes index. 311 $a80-7308-646-8 410 0$aVaria (Univerzita Karlova. Filozoficka? fakulta) 606 $aSlavic literature, Southern$y19th century$xHistory and criticism 606 $aSlavic literature, Southern$y18th century$xHistory and criticism 606 $aRomanian literature$y19th century$xHistory and criticism 606 $aRomanian literature$y18th century$xHistory and criticism 608 $aElectronic books. 615 0$aSlavic literature, Southern$xHistory and criticism. 615 0$aSlavic literature, Southern$xHistory and criticism. 615 0$aRomanian literature$xHistory and criticism. 615 0$aRomanian literature$xHistory and criticism. 676 $a891.81 702 $aCerny?$b M. 801 0$bMiAaPQ 801 1$bMiAaPQ 801 2$bMiAaPQ 906 $aBOOK 912 $a9910466264403321 996 $aPoca?tky novodoby?ch literatur a metamorfo?zy romantismu u jizni?ch Slovanu, Rumunu a Alba?ncu$92244735 997 $aUNINA LEADER 03819 am 2200877 n 450 001 9910495755803321 005 20181005 010 $a979-1-03-000406-9 024 7 $a10.4000/books.pub.5348 035 $a(CKB)4100000007810537 035 $a(FrMaCLE)OB-pub-5348 035 $a(oapen)https://directory.doabooks.org/handle/20.500.12854/86116 035 $a(PPN)235360430 035 $a(EXLCZ)994100000007810537 100 $a20190307j|||||||| ||| 0 101 0 $afre 135 $auu||||||m|||| 181 $ctxt$2rdacontent 182 $cc$2rdamedia 183 $acr$2rdacarrier 200 10$aÉcritures du ressassement /$fÉric Benoit, Michel Braud, Jean-Pierre Moussaron, Isabelle Poulin, Dominique Rabaté 210 $aPessac $cPresses Universitaires de Bordeaux$d2018 215 $a1 online resource (327 p.) 225 1 $aModernités 311 $a2-86781-276-3 330 $aRépétition, reprise, retour, épuisement, correction, réexamen, leitmotiv, variation : aucun terme ne semble convenir aussi bien que celui de ressassement pour désigner des modes d'écriture propres à la modernité. L'hypothèse de départ de ce livre collectif est précisément que le ressassement fonde des façons d'écrire inédites, et plus profondément nous conduit à envisager autrement la définition de la littérature. Du journal intime à l'incessant murmure beckettien, il s'agit d'examiner les formes paradoxales d'une parole qui semble en-deça ou au-delà de la littérature. De nature dynamique, le ressassement est aussi jaillissement, force d'extériorisation, jubilation du langage. Le sujet qui, dans l'écriture ressassante, s'expose, se tourne et se retourne, ne cesse de parler, de se parler, de se relire : il invente ainsi un rythme singulier, découvre l'empire des mots, l'emprise sur lui des voix multiples qui le font parler, écrire. Renonçant à vraiment finir, l'écrivain moderne se voue à l'incessant. 606 $aLiterary Theory & Criticism 606 $alittérature 606 $astylistique 606 $arépétition 606 $aXIXe siècle 606 $aXXe siècle 610 $alittérature 610 $astylistique 610 $arépétition 610 $aXIXe siècle 610 $aXXe siècle 615 4$aLiterary Theory & Criticism 615 4$alittérature 615 4$astylistique 615 4$arépétition 615 4$aXIXe siècle 615 4$aXXe siècle 700 $aBaldridge$b Wilson$01315097 701 $aBardèche$b Marie-Laure$01315098 701 $aBenoit$b Eric$0350589 701 $aBoblet-Viart$b Marie-Hélène$01298578 701 $aBogumil$b Sieghild$01315099 701 $aBonnet$b Gilles$0290256 701 $aBraud$b Michel$0465163 701 $aCixous$b Hélène$0456257 701 $aDeguy$b Michel$0155372 701 $aDerrida$b Jacques$0139765 701 $aDominique$b François$01283882 701 $aDureau$b Guy$01281314 701 $aJarrety$b Michel$0684354 701 $aJuliet$b Charles$01315100 701 $aMoussaron$b Jean-Pierre$01283887 701 $aPoulin$b Isabelle$01281702 701 $aRabaté$b Dominique$0604230 701 $aRabaté$b Jean-Michel$0391201 701 $aRapak$b Waclaw$01283888 701 $aRomestaing$b Alain$01282713 701 $aSamoyault$b Tiphaine$01285746 701 $aVadé$b Yves$0188794 701 $aViart$b Dominique$0176315 701 $aBenoit$b Éric$0350589 701 $aBraud$b Michel$0465163 701 $aMoussaron$b Jean-Pierre$01283887 701 $aPoulin$b Isabelle$01281702 701 $aRabaté$b Dominique$0604230 801 0$bFR-FrMaCLE 906 $aBOOK 912 $a9910495755803321 996 $aÉcritures du ressassement$93032233 997 $aUNINA LEADER 03939nam 22006855 450 001 9910734838603321 005 20251008151958.0 010 $z9783031298226 010 $z3031298225 010 $a9783031298233$b(electronic bk.) 010 $a3031298233$b(electronic bk.) 024 7 $a10.1007/978-3-031-29823-3 035 $a(MiAaPQ)EBC30605742 035 $a(Au-PeEL)EBL30605742 035 $a(DE-He213)978-3-031-29823-3 035 $a(PPN)272263826 035 $a(CKB)27169562400041 035 $a(OCoLC)1385451467 035 $a(EXLCZ)9927169562400041 100 $a20230622d2023 u| 0 101 0 $aeng 135 $aurcz#---auuuu 181 $ctxt$2rdacontent 182 $cc$2rdamedia 183 $acr$2rdacarrier 200 10$aData Analytics for Supply Chain Networks /$fedited by Niamat Ullah Ibne Hossain 205 $a1st ed. 2023. 210 1$aCham :$cSpringer International Publishing :$cImprint: Springer,$d2023. 215 $a1 online resource (264 pages) 225 1 $aGreening of Industry Networks Studies,$x2543-0254 ;$v11 311 08$aPrint version: Ibne Hossain, Niamat Ullah Data Analytics for Supply Chain Networks Cham : Springer International Publishing AG,c2023 9783031298226 320 $aIncludes bibliographical references and index. 327 $aChapter 1. The state of art of data analytics in resilience and sustainability management -- Chapter 2. Enhancing the viability of green supply chain management initiatives leveraging data fusion technique -- Chapter 3. Supply chain sustainability and supply chain resilience: A performance measurement framework with empirical validation -- Chapter 4. An assessment of decision-making in resilient and sustainable project between literature and practice -- Chapter 5. Barriers for Lean Supply Chain Management and their Overcoming Strategies in Context of the Indian Automobile Industry -- Chapter 6. Prioritizing Sustainability Criteria of Green Supply Chains using Best Worst Method -- Chapter 7. Economic performance analysis of resilient and sustainable supply chain: Adoption of electric vehicles as a sustainable logistics option -- Chapter 8. Integrating circular economy and reverse logistics for achieving sustainable dairy operations -- Chapter 9. The impact of big data analytics capabilitieson the sustainability of maritime firms -- Chapter 10. Smart transportation logistics: Achieving supply chain efficiency with green initiatives. 330 $aThe objective of the book is to adopt the application of data analytics to enhance the sustainability and resilience of the green supply chain networks. To demonstrate the applicability and usefulness of the method, the book adopts different data analytic models and approaches against the backdrop of case studies. In summary, this book attempts to address the question of methods, tools, and techniques that can be used to create resilient, anti-fragile, reliable, and invulnerable green supply chain networks. 410 0$aGreening of Industry Networks Studies,$x2543-0254 ;$v11 606 $aEnvironmental economics 606 $aBusiness logistics 606 $aQuantitative research 606 $aSustainability 606 $aEnvironmental Economics 606 $aSupply Chain Management 606 $aData Analysis and Big Data 606 $aSustainability 615 0$aEnvironmental economics. 615 0$aBusiness logistics. 615 0$aQuantitative research. 615 0$aSustainability. 615 14$aEnvironmental Economics. 615 24$aSupply Chain Management. 615 24$aData Analysis and Big Data. 615 24$aSustainability. 676 $a658.50285 702 $aHossain$b Niamat Ullah Ibne$f1987- 801 0$bMiAaPQ 801 1$bMiAaPQ 801 2$bMiAaPQ 906 $aBOOK 912 $a9910734838603321 996 $aData Analytics for Supply Chain Networks$93873132 997 $aUNINA